[Event "BCF-ch 103rd Seniors 65 U150/1750"]
[Site "Bournemouth"]
[Date "2016.08.02"]
[Round "2"]
[White "Sellen, John"]
[Black "Cresswell, Mike J"]
[Result "0-1"]
[WhiteElo "1494"]
[BlackElo "1770"]
[PlyCount "98"]
[EventDate "2016.08.01"]
[EventType "swiss"]
[EventRounds "5"]
[EventCountry "ENG"]
[SourceTitle "EXT 2019"]
[Source "ChessBase"]
[SourceDate "2018.10.10"]
[SourceVersion "1"]
[SourceVersionDate "2018.10.10"]
[SourceQuality "1"]

1. f4 Nf6 2. Nf3 g6 3. e3 d6 4. d3 Bg7 5. c3 c6 6. Be2 Bg4 7. 0-0 0-0 8. e4 Nbd7 9. Be3 Qc7 10. Nbd2 b6 11. Kh1 Rad8 12. Rc1 Qb8 13. Qe1 Bxf3 14. Bxf3 Rc8 15. g4 Rfd8 16. Qh4 Nf8 17. g5 N6d7 18. Be2 d5 19. e5 e6 20. d4 c5 21. Qg3 cxd4 22. Bxd4 Nc5 23. h4 b5 24. h5 Ne4 25. Nxe4 dxe4 26. Qe3 Qb7 27. h6 Bh8 28. Rfe1 a6 29. Bf1 Nd7 30. Bg2 Rc7 31. Bxe4 Qb8 32. Kh2 Rdc8 33. Re2 Nc5 34. Bxc5 Rxc5 35. Rd2 b4 36. Rcd1 bxc3 37. bxc3 Bxe5 38. fxe5 Qxe5+ 39. Kh3 Kf8 40. Rd8+ Rxd8 41. Rxd8+ Ke7 42. Rd4 Qxg5 43. Qxg5+ Rxg5 44. c4 Rc5 45. Bd3 a5 46. a4 f5 47. Kh4 f4 48. Bxg6 hxg6 49. Rxf4 g5+ 0-1

[Event "South Wales op 13th"]
[Site "Cardiff"]
[Date "2016.07.12"]
[Round "9"]
[White "Cresswell, Mike J"]
[Black "Rovaretti, David"]
[Result "1-0"]
[WhiteElo "1770"]
[BlackElo "1635"]
[PlyCount "61"]
[EventDate "2016.07.07"]
[EventType "swiss"]
[EventRounds "10"]
[EventCountry "WLS"]
[SourceTitle "EXT 2017"]
[Source "ChessBase"]
[SourceDate "2016.10.25"]
[SourceVersion "1"]
[SourceVersionDate "2016.10.25"]
[SourceQuality "1"]

1. e4 b6 2. d4 Bb7 3. Nc3 e6 4. Bd2 Bb4 5. f3 d5 6. e5 Qh4+ 7. g3 Qxd4 8. Nge2 Qxe5 9. Bg2 Qd6 10. a3 Bxc3 11. Bxc3 f6 12. 0-0 h5 13. Re1 Ne7 14. b4 e5 15. f4 Nd7 16. Qd3 0-0-0 17. a4 e4 18. Qd1 Nf5 19. Nd4 Nxd4 20. Qxd4 c5 21. Qd2 Nb8 22. bxc5 bxc5 23. Ba5 Rd7 24. Bh3 d4 25. Rab1 e3 26. Rxe3 Qd5 27. Rxb7 Qxb7 28. Rb3 Qd5 29. Bxd7+ Nxd7 30. Qe2 h4 31. Qa6+ 1-0

[Event "South Wales op 13th"]
[Site "Cardiff"]
[Date "2016.07.11"]
[Round "8"]
[White "Bullen, Alex"]
[Black "Cresswell, Mike J"]
[Result "1-0"]
[WhiteElo "2045"]
[BlackElo "1770"]
[PlyCount "111"]
[EventDate "2016.07.07"]
[EventType "swiss"]
[EventRounds "10"]
[EventCountry "WLS"]
[SourceTitle "EXT 2017"]
[Source "ChessBase"]
[SourceDate "2016.10.25"]
[SourceVersion "1"]
[SourceVersionDate "2016.10.25"]
[SourceQuality "1"]

1. e4 Nf6 2. Nc3 d5 3. e5 d4 4. Nce2 Nd5 5. Nxd4 e6 6. Nb3 Nd7 7. d4 Be7 8. Nf3 Nf8 9. c3 c6 10. Bd3 Ng6 11. g3 Bd7 12. h4 Qc7 13. Bd2 0-0-0 14. Qe2 f6 15. h5 Nf8 16. 0-0-0 h6 17. Kb1 Kb8 18. Rc1 Ka8 19. c4 Nb4 20. Bxb4 Bxb4 21. c5 b6 22. a3 Ba5 23. Nxa5 bxa5 24. Rc4 Nh7 25. Ra4 Rb8 26. Qd2 Rb3 27. Ka2 Rhb8 28. Rb1 f5 29. Qc2 Be8 30. Nd2 R3b5 31. g4 Ng5 32. gxf5 exf5 33. Qc3 Bxh5 34. Bxb5 Rxb5 35. Re1 Bf7+ 36. Ka1 Be6 37. f4 Ne4 38. Nxe4 fxe4 39. b4 axb4 40. Rxb4 Rxb4 41. Qxb4 Qd7 42. Rb1 Qc7 43. f5 Bxf5 44. Qb3 Qc8 45. d5 e3 46. Rb2 Bg4 47. Qxe3 cxd5 48. Qb3 Be6 49. c6 h5 50. Qb7+ Qxb7 51. Rxb7 h4 52. Re7 Bc8 53. Re8 Kb8 54. e6 Kc7 55. Rxc8+ Kxc8 56. e7 1-0

[Event "BCF-chT4 1516 (4NCL)"]
[Site "England"]
[Date "2015.11.14"]
[Round "1.41"]
[White "Balakrishnan, Kathirvel"]
[Black "Cresswell, Mike J"]
[Result "1/2-1/2"]
[WhiteElo "1535"]
[BlackElo "1784"]
[PlyCount "45"]
[EventDate "2015.11.14"]
[EventType "team-swiss"]
[EventRounds "11"]
[EventCountry "ENG"]
[SourceTitle "EXT 2017"]
[Source "ChessBase"]
[SourceDate "2016.10.25"]
[SourceVersion "1"]
[SourceVersionDate "2016.10.25"]
[SourceQuality "1"]
[WhiteTeam "Iceni II"]
[BlackTeam "Hippos III"]
[WhiteTeamCountry "ENG"]
[BlackTeamCountry "ENG"]

1. d4 Nf6 2. c4 c5 3. d5 b5 4. cxb5 a6 5. bxa6 Bxa6 6. Nc3 g6 7. g3 d6 8. Bg2 Bg7 9. Nf3 0-0 10. 0-0 Nbd7 11. Re1 Ng4 12. Bf4 Nge5 13. Qc1 Qc7 14. Nxe5 Nxe5 15. Bh6 Rfb8 16. Bxg7 Kxg7 17. Qc2 Rb7 18. b3 Rab8 19. Rec1 Qd8 20. Rab1 c4 21. Rb2 cxb3 22. Rxb3 Rxb3 23. axb3 1/2-1/2